000 00330nam a2200145Ia 4500
003 OSt
005 20240106114424.0
008 170523s9999 xx 000 0 und d
020 _a1403993629
040 _ciimt university meerut
100 _aLASSERRS
245 0 _aGLOBAL STRATEGIC MANAGEMENT
260 _bPHI
942 _2ddc
_c02
999 _c1871
_d1871